Loading...
| History - European | 0 | 6 | 0 | 2 | 60 | 117 | 135.00 | 2 | 6 | 0.00 | 0.00 |
| History - American | 1 | 4 | 1 | 1 | 50 | 67 | 102.00 | 2 | 5 | 0.00 | 0.00 |
| Science - Biology | 0 | 4 | 0 | 1 | 40 | 115 | 130.50 | 0 | 4 | 0.00 | 0.00 |
| History - World | 0 | 5 | 2 | 0 | 40 | 109 | 131.40 | 1 | 5 | 0.00 | 0.00 |
| Current Events | 1 | 2 | 0 | 1 | 35 | 38 | 110.67 | 1 | 3 | 0.00 | 0.00 |
| Social Science | 0 | 3 | 0 | 2 | 30 | 83 | 103.67 | 2 | 3 | 0.00 | 0.00 |
| Geography | 0 | 3 | 1 | 2 | 25 | 81 | 110.67 | 1 | 3 | 0.00 | 0.00 |
| Literature - Poetry | 0 | 2 | 0 | 0 | 20 | 154 | 162.00 | 0 | 2 | 0.00 | 0.00 |
| Mythology | 1 | 1 | 1 | 1 | 20 | 57 | 100.00 | 1 | 2 | 0.00 | 0.00 |
| Science - Chemistry | 0 | 2 | 0 | 1 | 20 | 131 | 133.50 | 1 | 1 | 0.00 | 0.00 |
| Religion | 0 | 2 | 0 | 1 | 20 | 98 | 115.00 | 2 | 2 | 0.00 | 0.00 |
| Philosophy | 1 | 0 | 0 | 0 | 15 | 67 | 67.00 | 1 | 1 | 0.00 | 0.00 |
| Fine Arts - Classical Music | 0 | 1 | 0 | 0 | 10 | 135 | 135.00 | 0 | 1 | 0.00 | 0.00 |
| Fine Arts - Painting and Sculpture | 0 | 1 | 0 | 0 | 10 | 123 | 123.00 | 0 | 1 | 0.00 | 0.00 |
| Literature - Drama | 0 | 1 | 0 | 0 | 10 | 153 | 153.00 | 0 | 1 | 0.00 | 0.00 |
| Other Academic | 0 | 1 | 0 | 0 | 10 | 99 | 99.00 | 0 | 1 | 0.00 | 0.00 |
| Science - Other | 0 | 1 | 0 | 0 | 10 | 98 | 98.00 | 0 | 1 | 0.00 | 0.00 |
| Science - Physics | 0 | 1 | 0 | 1 | 10 | 134 | 134.00 | 0 | 1 | 0.00 | 0.00 |
| Short Fiction and Other | 0 | 1 | 0 | 0 | 10 | 137 | 137.00 | 0 | 1 | 0.00 | 0.00 |
| Fine Arts - Other | 0 | 1 | 0 | 1 | 10 | 151 | 151.00 | 0 | 1 | 0.00 | 0.00 |
| History - Other | 0 | 1 | 1 | 0 | 5 | 132 | 132.00 | 0 | 1 | 0.00 | 0.00 |
| Literature - Long Fiction | 0 | 0 | 1 | 0 | -5 | 0.00 | 0 | 0 | 0.00 | 0.00 | |
| History - Ancient | 0 | 0 | 1 | 0 | -5 | 0.00 | 0 | 0 | 0.00 | 0.00 |